O caos brasileiro / (Record no. 1233)

MARC details
000 -LÍDER
Campo Fixo de Controle 00687nam a2200241 a 4500
001 - NÚMERO DE CONTROLE
Campo de Controle 1233
003 - IDENTIFICAÇÃO DO NÚMERO DE CONTROLE
Campo de Controle BR-CuiBMT
005 - DATA E HORA DA ÚLTIMA ATUALIZAÇÃO
Campo de Controle 20231201193336.0
008 - DADOS FIXOS
Dados Fixos 231201s1988 spb 000 0 por d
040 ## - AGÊNCIA CATALOGADORA
Código da Agência Catalogadora BR-CuiBMT
Agência que transcreveu o registro BR-CuiBMT
080 ## - Nº DA CLASSIFICAÇÃO DECIMAL UNIVERSAL
Nº edição CDU 2007
Nº Class. CDU 338.1
Subd. Auxiliar Comum (81)
090 ## - NÚMERO DE CHAMADA
Nº classificação 338.1(81)
Cutter P879o
100 1# - ENTRADA PRINCIPAL -- AUTOR PESSOAL
Nome pessoal Póvoas, Lenine C.,
Datas associadas ao nome 1921-2007
245 ## - TÍTULO PRINCIPAL
Título principal O caos brasileiro /
Indicação de responsabilidade Lenine C. Povoas.
260 ## - PUBLICAÇÃO, DISTRIBUIÇÃO, ETC.
Local de publicação São Paulo :
Editora IHGMT,
Data 1988.
300 ## - DESCRIÇÃO FÍSICA
N. páginas ou volumes 183 p.:
Dimensões 21 cm
504 ## - NOTA DE BIBLIOGRAFIA, ETC.
Nota de bibliografia Inclui bibliografia.
650 ## - ASSUNTO TÓPICO
Cabeçalho tópico ou nome geográfico Condições econômicas
Subdivisão geográfica Brasil
650 ## - ASSUNTO TÓPICO
Cabeçalho tópico ou nome geográfico Dívida pública
Subdivisão geográfica Brasil
650 ## - ASSUNTO TÓPICO
Cabeçalho tópico ou nome geográfico Reforma agrária
Subdivisão geográfica Brasil
650 ## - ASSUNTO TÓPICO
Cabeçalho tópico ou nome geográfico Desmatamento
Subdivisão geográfica Pantanal
942 ## - ELEMENTOS DE ENTRADA ADICIONAIS (KOHA)
Fonte de classificação ou esquema de arquivamento Classificação Decimal Universal
Tipo de item do Koha Livros
Holdings
Estado: removido Estado: perdido Fonte de classificação ou esquema de arquivamento Estado: danificado Indisponível para empréstimo Localização permanente Localização atual Data de aquisição Total Checkouts Número de Chamada completo Código de barras Date last seen Número do exemplar Preço efetivo a partir de Tipo de item (Koha)
    Classificação Decimal Universal     Biblioteca da Escola Superior de Contas do TCE/MT Biblioteca da Escola Superior de Contas do TCE/MT 01/12/2023   338.1(81) P879c BIBTCEMT23120035 01/12/2023 Ex. 1 01/12/2023 Livros
    Classificação Decimal Universal     Biblioteca da Escola Superior de Contas do TCE/MT Biblioteca da Escola Superior de Contas do TCE/MT 04/12/2023   338.1(81) P879c BIBTCEMT23120102 04/12/2023 Ex. 2 04/12/2023 Livros
    Classificação Decimal Universal     Biblioteca da Escola Superior de Contas do TCE/MT Biblioteca da Escola Superior de Contas do TCE/MT 04/12/2023   338.1(81) P879c BIBTCEMT23120103 04/12/2023 Ex. 3 04/12/2023 Livros
    Classificação Decimal Universal     Biblioteca da Escola Superior de Contas do TCE/MT Biblioteca da Escola Superior de Contas do TCE/MT 04/12/2023   338.1(81) P879c BIBTCEMT23120104 04/12/2023 Ex. 4 04/12/2023 Livros

Powered by Koha